Precalculus mathematics in a nutshell : (Record no. 452)
[ view plain ]
| 000 -LEADER | |
|---|---|
| fixed length control field | 00604cam a2200193 a 4500 |
| 001 - CONTROL NUMBER | |
| control field | 2787559 |
| 005 - DATE AND TIME OF LATEST TRANSACTION | |
| control field | 20241031123614.0 |
| 008 - FIXED-LENGTH DATA ELEMENTS--GENERAL INFORMATION | |
| fixed length control field | 810615s1981 caua 000 0 eng |
| 020 ## - INTERNATIONAL STANDARD BOOK NUMBER | |
| International Standard Book Number | 0865760098 (pbk.) : |
| Terms of availability | $7.95 |
| 050 00 - LIBRARY OF CONGRESS CALL NUMBER | |
| Classification number | QA39.2 |
| Item number | .S52 1981 |
| 082 00 - DEWEY DECIMAL CLASSIFICATION NUMBER | |
| Classification number | 512/.1 |
| Edition information | 19 |
| 100 1# - MAIN ENTRY--PERSONAL NAME | |
| Personal name | Simmons, George Finlay, |
| Dates associated with a name | 1925- |
| 245 10 - TITLE STATEMENT | |
| Title | Precalculus mathematics in a nutshell : |
| Remainder of title | geometry, algebra, trigonometry / |
| Statement of responsibility, etc. | George F. Simmons. |
| 260 ## - PUBLICATION, DISTRIBUTION, ETC. | |
| Place of publication, distribution, etc. | Los Altos, Calif. : |
| Name of publisher, distributor, etc. | W. Kaufmann, |
| Date of publication, distribution, etc. | c1981. |
| 300 ## - PHYSICAL DESCRIPTION | |
| Extent | vii, 119 p. : |
| Other physical details | ill. ; |
| Dimensions | 23 cm. |
| 650 #0 - SUBJECT ADDED ENTRY--TOPICAL TERM | |
| Topical term or geographic name entry element | Mathematics. |
| 650 #0 - SUBJECT ADDED ENTRY--TOPICAL TERM | |
| Topical term or geographic name entry element | Precalculus. |
| 942 ## - ADDED ENTRY ELEMENTS (KOHA) | |
| Source of classification or shelving scheme | Dewey Decimal Classification |
| Koha item type | Books |
| Suppress in OPAC | No |
| 999 ## - | |
| -- | 452 |
| -- | 452 |
| Withdrawn status | Lost status | Source of classification or shelving scheme | Damaged status | Not for loan | Collection | Home library | Current library | Shelving location | Date acquired | Total checkouts | Full call number | Barcode | Date last seen | Copy number | Price effective from | Koha item type |
|---|---|---|---|---|---|---|---|---|---|---|---|---|---|---|---|---|
| Library of Congress Classification | Non-fiction | Science Library (Miotso) | Science Library (Miotso) | General stacks | 10/31/2024 | QA39.2 .S52 1981 | SLM00000254 | 10/31/2024 | 1 | 10/31/2024 | Books |